La Chanson de la rue Saint-Paul

Gespeichert in:
Bibliographische Detailangaben
1. Verfasser: Elskamp, Max
Format: Buch
Sprache:Undetermined
Veröffentlicht: Bruxelles, Bélgica Ediciones Labor 1987
Schlagworte:
Tags: Tag hinzufügen
Keine Tags, Fügen Sie den ersten Tag hinzu!

MARC

LEADER 00000nam a2200000Ia 4500
008 170316s9999 xx 000 0 und d
040 |a cru BVZT 
090 |a 840 E-1c 
100 |a Elskamp, Max 
245 |a La Chanson de la rue Saint-Paul 
260 |a Bruxelles, Bélgica 
260 |b Ediciones Labor 
260 |c 1987 
300 |a 224 páginas 
650 |a LITERATURA FRANCESA 
650 |a EN IDIOMA FRANCÉS 
650 |a SAINT PAUL 
650 |a POEMAS 
999 |c 7663  |d 7663 
942 |c 15 D  |h 840 E-1c  |2 z